[Event "Alberta-ch U20"]
[Site "Edmonton"]
[Date "2010.11.06"]
[Round "3"]
[White "Lin, Kaining"]
[Black "Mawani, Adam"]
[Result "0-1"]
[WhiteElo "250"]
[BlackElo "1220"]
[PlyCount "102"]
[EventDate "2010.11.06"]
[EventType "swiss"]
[EventRounds "5"]
[EventCountry "CAN"]
[SourceTitle "EXT 2013"]
[Source "ChessBase"]
[SourceDate "2012.11.22"]
[SourceVersion "1"]
[SourceVersionDate "2012.11.22"]
[SourceQuality "1"]

1. e4 e5 2. Nf3 Nc6 3. Bc4 Bc5 4. c3 Nf6 5. d4 Bb6 6. dxe5 Nxe4 7. Be3 Bxe3 8. fxe3 Ng5 9. Qd5 Nxf3+ 10. Qxf3 0-0 11. 0-0 Nxe5 12. Qe4 Nxc4 13. Qxc4 d5 14. Qd3 c6 15. Nd2 Re8 16. Rf2 Qe7 17. Re1 Qe6 18. Rf3 f5 19. Rh3 h6 20. Qd4 f4 21. g3 Qxh3 22. Rf1 fxe3 23. Nf3 Re4 24. Qd3 e2 25. Re1 Bg4 26. Nd2 Bf5 27. Nxe4 Bxe4 28. Qxe2 Rf8 29. Rd1 Bf3 30. Qd2 Re8 31. Rc1 Re2 32. Qxe2 Bxe2 33. Kf2 Qg4 34. Ke3 Qe4+ 35. Kd2 Qd3+ 36. Ke1 Bf3 37. Kf2 Qf5 38. Re1 Bh1+ 39. Ke2 Qf3+ 40. Kd2 Bg2 41. Re8+ Kf7 42. Re3 Qf2+ 43. Re2 Qb6 44. b4 Qa6 45. Ke1 Bf3 46. Re3 Bg2 47. Re2 Bf3 48. Re3 Bh5 49. Kf2 Qxa2+ 50. Ke1 Qb1+ 51. Kd2 Qd1# 0-1

[Event "Canadian op"]
[Site "Edmonton"]
[Date "2009.07.16"]
[Round "6.92"]
[White "Mawani, Adam"]
[Black "Roberts, Richard"]
[Result "1-0"]
[WhiteElo "1357"]
[BlackElo "1418"]
[PlyCount "27"]
[EventDate "2009.07.11"]
[EventType "swiss"]
[EventRounds "9"]
[EventCountry "CAN"]
[SourceTitle "EXT 2022"]
[Source "ChessBase"]
[SourceDate "2021.10.06"]
[SourceVersion "1"]
[SourceVersionDate "2021.10.06"]
[SourceQuality "1"]

1. e4 e5 2. Nf3 Nc6 3. Bc4 d6 4. Nc3 Nf6 5. Ng5 d5 6. Nxd5 Nxd5 7. d3 Bb4+ 8. Bd2 Bxd2+ 9. Qxd2 0-0 10. Bxd5 Qe8 11. Qe2 Nd4 12. Qh5 Nxc2+ 13. Kd1 g6 14. Qxh7# 1-0

[Event "Canadian op"]
[Site "Edmonton"]
[Date "2009.07.14"]
[Round "4.92"]
[White "Thomas, Derek"]
[Black "Mawani, Adam"]
[Result "1-0"]
[WhiteElo "1532"]
[BlackElo "1357"]
[PlyCount "79"]
[EventDate "2009.07.11"]
[EventType "swiss"]
[EventRounds "9"]
[EventCountry "CAN"]
[SourceTitle "EXT 2022"]
[Source "ChessBase"]
[SourceDate "2021.10.06"]
[SourceVersion "1"]
[SourceVersionDate "2021.10.06"]
[SourceQuality "1"]

1. d4 d5 2. c4 c6 3. Nc3 Nf6 4. Bg5 Nbd7 5. Nf3 b6 6. e3 e6 7. Ne5 h6 8. Bh4 g5 9. Bg3 Bg7 10. Bd3 Bb7 11. cxd5 exd5 12. Qe2 Qc8 13. 0-0 Nxe5 14. Bxe5 a6 15. Qf3 Qe6 16. Bf5 Qe7 17. Na4 Qb4 18. b3 Bc8 19. Bxc8 Rxc8 20. Bxf6 Rg8 21. Bxg7 Rxg7 22. Qf6 Kf8 23. Qxh6 Rc7 24. Qh8+ Rg8 25. Qe5 Rd7 26. Qb8+ Kg7 27. Qxb6 Qxb6 28. Nxb6 Rb7 29. Na4 a5 30. Nc5 Rb4 31. Rac1 Rc8 32. Nd3 Rb6 33. Ne5 Rd8 34. Nxc6 Rc8 35. Ne7 Rxc1 36. Rxc1 Rb7 37. Nxd5 Rb5 38. Nc7 Rf5 39. d5 Kf8 40. Rd1 1-0